书目信息 |
| 题名: |
气场,改变命运的神秘力量
|
|
| 作者: | 李世强 编著 | |
| 分册: | ||
| 出版信息: | 北京 北京工业大学出版社 2017 |
|
| 页数: | 274页 | |
| 开本: | 24cm | |
| 丛书名: | ||
| 单 册: | ||
| 中图分类: | B848.4-49 | |
| 科图分类: | ||
| 主题词: | 成功心理--通俗读物 | |
| 电子资源: | ||
| ISBN: | 978-7-5639-5525-1 | |
| 000 | 00836nam0 2200217 450 | |
| 001 | 136 | |
| 005 | 20180519111202.69 | |
| 010 | @a978-7-5639-5525-1@dCNY35.00 | |
| 100 | @a20170905d2017 em y0chiy50 ea | |
| 101 | 0 | @achi |
| 102 | @aCN@b110000 | |
| 105 | @ay z 000yy | |
| 200 | 1 | @a气场,改变命运的神秘力量@9qi chang,gai bian ming yun de shen mi li liang@f李世强编著 |
| 210 | @a北京@c北京工业大学出版社@d2017 | |
| 215 | @a274页@d24cm | |
| 330 | @a本书中指出,气场是每个人身上散发出来的独特的能量。书稿旨在帮助读者认识气场的能量,从而提高影响力,发掘人生的无限可能,同时也给出了提升气场能量的一些方法。书中特别强调,一个人拥有强大的气场,更容易在职场上获得成功。 | |
| 606 | 0 | @a成功心理@j通俗读物 |
| 690 | @aB848.4-49@v5 | |
| 701 | 0 | @a李世强@9li shi qiang@4编著 |
| 801 | 0 | @aCN@b91MARC@c20170905 |
| 905 | @aMuseLib@dB848.4@e2008 | |
| 气场,改变命运的神秘力量/李世强编著.-北京:北京工业大学出版社,2017 |
| 274页;24cm |
| ISBN 978-7-5639-5525-1:CNY35.00 |
| 本书中指出,气场是每个人身上散发出来的独特的能量。书稿旨在帮助读者认识气场的能量,从而提高影响力,发掘人生的无限可能,同时也给出了提升气场能量的一些方法。书中特别强调,一个人拥有强大的气场,更容易在职场上获得成功。 |
| ● |
| 相关链接 |
|
|
|
|
正题名:气场,改变命运的神秘力量
索取号:B848.4/2008
 
预约/预借
| 序号 | 登录号 | 条形码 | 馆藏地/架位号 | 状态 | 备注 |
| 1 | 1065360 | 210653602 | 第一样本阅览室/ [索取号:B848.4/2008] | 在馆 | |
| 2 | 1065361 | 210653611 | 第一借阅区/ [索取号:B848.4/2008] | 在馆 | |
| 3 | 1065362 | 210653620 | 第一借阅区/ [索取号:B848.4/2008] | 在馆 | |
| 4 | 1065363 | 210653639 | 第一借阅区/ [索取号:B848.4/2008] | 在馆 | |
| 5 | 1065364 | 210653648 | 第一借阅区/ [索取号:B848.4/2008] | 在馆 | |
| 6 | 1065365 | 210653657 | 密集书库-马院/ [索取号:B848.4/2008] | 在馆 | |
| 7 | 1100742 | 211007426 | 第一借阅区/ [索取号:B848.4/2008] | 在馆 | |
| 8 | 1100743 | 211007435 | 教育系资料室/ [索取号:B848.4/2008] | 在馆 | |
| 9 | 1100744 | 211007444 | 教育系资料室/ [索取号:B848.4/2008] | 在馆 | |
| 10 | 1100745 | 211007453 | 教育系资料室/ [索取号:B848.4/2008] | 在馆 | |
| 11 | 1100746 | 211007462 | 第一借阅区/ [索取号:B848.4/2008] | 在馆 | |
| 12 | 1100747 | 211007471 | 第一借阅区/ [索取号:B848.4/2008] | 在馆 |